Statistics for Alliteration by Letter - M

Click here to take the quiz!

General Stats

  • This quiz has been taken 18,595 times
    (9,545 since last reset)
  • The average score is 12 of 18

Answer Stats

Clue Answer % Correct
Walt Disney's most famous creationMickey Mouse
98%
Actress born Norma JeanMarilyn Monroe
97%
ABBA musicalMamma Mia
84%
Mascot made of tiresMichelin Man
80%
Actor who played Austin PowersMike Myers
76%
Song that's a "graveyard smash"Monster Mash
76%
Jesus's girlfriend?Mary Magdalene
74%
He went "Back to the Future"Marty McFly
71%
Reseller who comes between
manufacturer and consumer
Middle Man
67%
Eminem's real nameMarshall Mathers
66%
Psychedelic food itemMagic Mushroom
64%
Titillating movie starring
Channing Tatum
Magic Mike
64%
Post-apocalyptic Mel Gibson movieMad Max
62%
Female parking enforcerMeter Maid
60%
Daniel-san's karate teacherMister Miyagi
59%
NCAA basketball tournamentMarch Madness
49%
Comedy publication featuring
Alfred E. Neuman
Mad Magazine
43%
Catwalk star with a Y chromosomeMale Model
28%

Score Distribution

Percentile by Number Answered

Percent of People with Each Score

Your Score History

You have not taken this quiz since the last reset